00241nam a2200109Ia 4500008004100000100001700041245002100058260002300079650001100102942000700113999001100120190216s9999||||xx |||||||||||||| ||und|| aKamil Kainan 0aThajiru-E Bagdad bDarul Maariy Egypt aArabic cBK c33d33